Battle of the Nile Order of Battle - Statistics

General Stats
  • This quiz has been taken 4 times
  • The average score is 2 of 32
Answer Stats
Prefix Ship % Correct
Orient
75%
HMS Bellerophon
25%
HMS Goliath
25%
Mercure
25%
HMS Alexander
0%
Aquilon
0%
Artémise
0%
HMS Audacious
0%
Conquérant
0%
HMS Culloden
0%
HMS Defence
0%
Diane
0%
Franklin
0%
Généreux
0%
Guerrier
0%
Guillaume Tell
0%
Heureux
0%
Justice
0%
HMS Leander
0%
HMS Majestic
0%
HMS Minotaur
0%
HMS Mutine
0%
HMS Orion
0%
Peuple Souverain
0%
Sérieuse
0%
Spartiate
0%
HMS Swiftsure
0%
HMS Theseus
0%
Timoléon
0%
Tonnant
0%
HMS Vanguard
0%
HMS Zealous
0%
No matching quizzes found
Score Distribution
Percent of People with Each Score
Percentile by Number Answered
Your Score History
You have not taken this quiz